000 00565nam a2200181Ia 4500
005 20250508152055.0
008 008 250505s9999 xx 000 0 eng d
037 _aTextual
040 _aFEDL
_beng
_cFEDL
041 _aeng
_2eng
084 _a301.34, NEH
_qFEDL
245 0 _aJawaharlal Nehru on community development
245 0 _cGovernment of India. Ministry of Community Development
260 _aDelhi, India
_bMinistry of Information and Broadcasting
_c1957
300 _a46p.
942 _cTEXL
_h301.34, NEH
999 _c1334088
_d1334088